| 000 | 01680nam a22002657a 4500 | ||
|---|---|---|---|
| 005 | 20110802155611.0 | ||
| 010 | _aB-427565-569 | ||
| 020 |
_a8189766295 _c250.00 |
||
| 020 |
_a9788189766290 _c250.00 |
||
| 035 | _aB-427565-569 | ||
| 082 | _a616.86506 | ||
| 100 |
_aJindal Surinder K _931562 |
||
| 245 |
_aQuit smoking: _bwhy and how / _cby Surinder K Jindal. |
||
| 260 |
_aNew Delhi _bVitasta Publishing _c2011. |
||
| 270 |
_a2/15, Ansari Road, _bNew Delhi _e110002 |
||
| 300 | x |
_axi, 217p. _c22 cm (Pbk) |
|
| 500 | _aIncludes bibliographical references | ||
| 942 |
_2ddc _cEN _h616.86506 _mJIN |
||
| 999 |
_c54719 _d54719 |
||